Фотокопия приказа № 1 военного коменданта г. Пскова от 22 июля 1944 г.

RUSMARC
00004825ckc2a2200301#x 450
0017ca8c8ac-b5be-49cd-bde4-e7bc0d6af796
00520250702152812.0
100##$a20250630j19440722k###0rusy50 ca
1010#$arus
102##$aRU
116##$afiybxx####zz####zz
1220#$ad19440722##
2001#$aФотокопия приказа № 1 военного коменданта г. Пскова от 22 июля 1944 г.
$j22 июля 1944 г.
215##$a1 лист
251##$cДело
461#0$1001b61f19e8-0c20-446b-a592-24f6d79e5f32
$12001
$aФотоколлекция
$j1916-2015
$1251
$a34 описи
$cФонд
$1852
$aГАНИПО
$jП-9961
462#0$1001dbb08fb3-a95f-4e79-ae1c-b8330b49edb6
$12001
$aФотодокументы, опубликованные во 2-м томе Книги Памяти (г. Псков)
$j1941-1990
$vД. 10
$1251
$cОпись
$1852
$aГАНИПО
$j2 А
605##$2acquisition_Prlib
$3DITM\AF\0000003834
$aНарод
$lколлекция
605##$2acquisition_Prlib
$3LIBNET\UAF\0000035839
$aПсковская область: страницы истории
$lколлекция
605##$2acquisition_Prlib
$3DITM\AF\0000000338
$aПамять о Великой Победе
$lколлекция
6061#$2nlr_sh
$3RU\NLR\AUTH\6601702442
$aПсковско-Островская операция
$z1944
$jАрхивные дела
617##$cПсковская область
$2prlib_sh
686##$2rubbk
$a63.3(2)622,13ю1
$vLBC/M
801#0$aRU
$bПБ им. Б.Н. Ельцина
$c20250630
801#1$aRU
$bПБ им. Б.Н. Ельцина
$c20250630
$2rusmarc
801#2$aRU
$bПБ им. Б.Н. Ельцина
$c20250702
$2rusmarc
850##$aГосударственное казенное учреждение Псковской области "Государственный архив новейшей истории Псковской области" (ГКУ ГАНИПО)
852##$aГАНИПО
$j10
035##$aLIBNET\0001483071
937##$d51795385
$hГос. архив новейшей истории Псковской области
8564#$uhttp://readingroom.main.prlib.ru/item.aspx?id_node=n51795385&mode=full
Формат отображения